[Event "Rostock SSC op 16th"]
[Site "Rostock"]
[Date "2017.07.27"]
[Round "3"]
[White "Kocandova, Martina"]
[Black "Nour, Alaa"]
[Result "1-0"]
[WhiteElo "1699"]
[BlackElo "1930"]
[PlyCount "93"]
[EventDate "2017.07.26"]
[EventType "swiss"]
[EventRounds "7"]
[EventCountry "GER"]
[SourceTitle "EXT 2018"]
[Source "ChessBase"]
[SourceDate "2017.10.13"]
[SourceVersion "1"]
[SourceVersionDate "2017.10.13"]
[SourceQuality "1"]

1. e4 c5 2. Nf3 Nc6 3. d4 cxd4 4. Nxd4 d6 5. Nc3 g6 6. Be2 Bg7 7. Be3 Nf6 8. Qd2 h5 9. h3 a6 10. 0-0-0 Qc7 11. f4 Bd7 12. Rdf1 Qa5 13. Nb3 Qc7 14. Nd5 Nxd5 15. exd5 Na7 16. Bd4 f6 17. Bd3 Kf7 18. Qe3 Nc8 19. Qg3 Rh6 20. Qf2 Rh8 21. f5 g5 22. g4 h4 23. Be3 Rd8 24. Nd4 Rh8 25. Qd2 Nb6 26. Ne6 Bxe6 27. fxe6+ Kg8 28. Rf5 Nc4 29. Bxc4 Qxc4 30. b3 Qc7 31. Rhf1 Rf8 32. Bxg5 Rh7 33. Be3 Rc8 34. g5 Qc3 35. Qxc3 Rxc3 36. Kd2 Rc8 37. Bd4 Rh5 38. gxf6 Rxf5 39. Rxf5 Bxf6 40. Bxf6 exf6 41. Rxf6 Rc5 42. c4 b5 43. e7 Rc8 44. Rxd6 Re8 45. Rd7 Kf7 46. d6 bxc4 47. bxc4 1-0

[Event "Kouty nad Desnou op-B"]
[Site "Kouty nad Desnou"]
[Date "2015.03.09"]
[Round "3"]
[White "Otruba, Marek"]
[Black "Kocandova, Martina"]
[Result "0-1"]
[WhiteElo "1636"]
[BlackElo "1775"]
[PlyCount "66"]
[EventDate "2015.03.07"]
[EventType "swiss"]
[EventRounds "9"]
[EventCountry "CZE"]
[SourceTitle "EXT 2017"]
[Source "ChessBase"]
[SourceDate "2016.10.25"]
[SourceVersion "1"]
[SourceVersionDate "2016.10.25"]
[SourceQuality "1"]

1. d4 d5 2. Bf4 e6 3. Nf3 Bd6 4. Bg3 Bxg3 5. hxg3 c6 6. c3 Nf6 7. Nbd2 Nbd7 8. e3 Qc7 9. Bd3 e5 10. dxe5 Nxe5 11. Nxe5 Qxe5 12. Nf3 Qe7 13. Qc2 Ne4 14. 0-0-0 Bg4 15. Rh4 h5 16. Rdh1 0-0-0 17. Bxe4 dxe4 18. Nd2 g5 19. R4h2 Rhe8 20. f3 Rxd2 21. Qxd2 exf3 22. gxf3 Bxf3 23. Re1 Qe6 24. Kb1 Rd8 25. Qf2 Qd5 26. Qf1 g4 27. b3 Qe4+ 28. Kb2 Qe5 29. Qc4 Qxg3 30. Ree2 Bxe2 31. Rxe2 Qf3 32. Rh2 g3 33. Rc2 g2 0-1

[Event "Kouty nad Desnou op-B"]
[Site "Kouty nad Desnou"]
[Date "2014.03.11"]
[Round "4"]
[White "Lhotsky, Zdenek"]
[Black "Kocandova, Martina"]
[Result "1-0"]
[WhiteElo "1539"]
[BlackElo "1809"]
[PlyCount "72"]
[EventDate "2014.03.08"]
[EventType "swiss"]
[EventRounds "9"]
[EventCountry "CZE"]
[SourceTitle "EXT 2015"]
[Source "ChessBase"]
[SourceDate "2014.11.20"]
[SourceVersion "1"]
[SourceVersionDate "2014.11.20"]
[SourceQuality "1"]

1. e4 e5 2. Nf3 Nc6 3. Bb5 a6 4. Ba4 Nf6 5. 0-0 b5 6. Bb3 Be7 7. Re1 d6 8. c3 Bg4 9. d4 exd4 10. cxd4 Bxf3 11. gxf3 0-0 12. Nc3 Na5 13. Bc2 c5 14. Bf4 Nh5 15. Bg3 Nxg3 16. fxg3 cxd4 17. Qxd4 Bf6 18. Qd3 Qb6+ 19. Kg2 Bxc3 20. bxc3 g6 21. a4 Qc5 22. axb5 axb5 23. Rf1 Nc4 24. Kh1 Na3 25. Rfd1 Rfc8 26. Bb3 Qxc3 27. Qd5 Qxf3+ 28. Kg1 Qe3+ 29. Kh1 Nc4 30. Rxa8 Qf3+ 31. Kg1 Qe3+ 32. Kg2 Qe2+ 33. Kh3 Rxa8 34. Qxa8+ Kg7 35. Qa1+ Nb2 36. Re1 Qf2 1-0

[Event "Czech Fed-ch opA"]
[Site "Hrdonov"]
[Date "2013.10.31"]
[Round "7"]
[White "Bobek, Daniel"]
[Black "Kocandova, Martina"]
[Result "1-0"]
[WhiteElo "1694"]
[BlackElo "1766"]
[PlyCount "97"]
[EventDate "2013.10.26"]
[EventType "swiss"]
[EventRounds "9"]
[EventCountry "CZE"]
[SourceTitle "EXT 2016"]
[Source "ChessBase"]
[SourceDate "2015.10.08"]
[SourceVersion "1"]
[SourceVersionDate "2015.10.08"]
[SourceQuality "1"]

1. e4 e5 2. Nf3 Nc6 3. Bb5 a6 4. Ba4 Nf6 5. 0-0 b5 6. Bb3 Be7 7. Re1 d6 8. h3 0-0 9. c3 Na5 10. Bc2 c5 11. d4 Nc6 12. Bg5 exd4 13. cxd4 Nb4 14. Nbd2 Nxc2 15. Qxc2 Nd7 16. Bxe7 Qxe7 17. e5 d5 18. dxc5 Nxc5 19. Rac1 Ne6 20. Nb3 Bb7 21. Nbd4 Rfc8 22. Qd2 Nxd4 23. Qxd4 Rc4 24. Qd2 Rac8 25. b3 R4c5 26. Qe3 h6 27. Rxc5 Rxc5 28. Rc1 Rxc1+ 29. Qxc1 d4 30. Nxd4 Qxe5 31. Qe3 Qxe3 32. fxe3 Be4 33. a3 Kf8 34. Kf2 Ke7 35. g3 Kd6 36. b4 Kd5 37. Nb3 Kc4 38. Nc5 Bc6 39. Nxa6 Kb3 40. Ke2 Kxa3 41. Kd3 Bb7 42. Nc5 Bc8 43. Kc3 Bxh3 44. Na6 Ka2 45. Kd4 Bc8 46. Nc7 Kb3 47. Kc5 g5 48. Nxb5 h5 49. Nd6 1-0

[Event "Klatovy op-B"]
[Site "Klatovy"]
[Date "2013.07.02"]
[Round "4"]
[White "Kocandova, Martina"]
[Black "Leseticky, Vladimir"]
[Result "0-1"]
[WhiteElo "1790"]
[BlackElo "1690"]
[PlyCount "52"]
[EventDate "2013.06.29"]
[EventType "swiss"]
[EventRounds "9"]
[EventCountry "CZE"]
[SourceTitle "EXT 2014"]
[Source "ChessBase"]
[SourceDate "2013.11.20"]
[SourceVersion "1"]
[SourceVersionDate "2013.11.20"]
[SourceQuality "1"]

1. e4 e5 2. Nf3 Nc6 3. Bc4 Be7 4. d4 exd4 5. 0-0 d6 6. Nxd4 Nxd4 7. Qxd4 Nf6 8. Nc3 0-0 9. f4 c6 10. Qd3 b5 11. Bb3 Ng4 12. Qf3 d5 13. exd5 Bc5+ 14. Kh1 Nxh2 15. Qh5 Nxf1 16. Ne4 Qe7 17. dxc6 Bf2 18. Bd5 Ng3+ 19. Nxg3 Bxg3 20. Bd2 Be6 21. Be4 f5 22. Bd3 Qh4+ 23. Qxh4 Bxh4 24. Bxb5 Bf2 25. Bb4 Rf6 26. g4 Bd5+ 0-1

[Event "Kouty nad Desnou op-B"]
[Site "Kouty nad Desnou"]
[Date "2012.03.13"]
[Round "5"]
[White "Kocandova, Martina"]
[Black "Kladnak, Martin"]
[Result "1-0"]
[WhiteElo "1743"]
[BlackElo "1597"]
[PlyCount "43"]
[EventDate "2012.03.10"]
[EventType "swiss"]
[EventRounds "9"]
[EventCountry "CZE"]
[SourceTitle "EXT 2013"]
[Source "ChessBase"]
[SourceDate "2012.11.22"]
[SourceVersion "1"]
[SourceVersionDate "2012.11.22"]
[SourceQuality "1"]

1. e4 e5 2. Nf3 d6 3. d4 exd4 4. Nxd4 Nf6 5. Nc3 Be7 6. Bc4 0-0 7. 0-0 Re8 8. f4 Bf8 9. Qd3 Bd7 10. Bd2 Nc6 11. Nxc6 Bxc6 12. Rae1 Nd7 13. Qg3 Nb6 14. Bb3 d5 15. e5 d4 16. Ne4 Be7 17. f5 Bh4 18. Qg4 Rxe5 19. f6 g5 20. Bxg5 Rxe4 21. Bf4+ Kf8 22. Qg7+ 1-0

[Event "Kouty nad Desnou op-A"]
[Site "Kouty nad Desnou"]
[Date "2011.03.12"]
[Round "1"]
[White "Skoda, Martin"]
[Black "Kocandova, Martina"]
[Result "1-0"]
[WhiteElo "1992"]
[BlackElo "1733"]
[PlyCount "71"]
[EventDate "2011.03.12"]
[EventType "swiss"]
[EventRounds "9"]
[EventCountry "CZE"]
[SourceTitle "EXT 2014"]
[Source "ChessBase"]
[SourceDate "2013.11.20"]
[SourceVersion "1"]
[SourceVersionDate "2013.11.20"]
[SourceQuality "1"]

1. e4 e5 2. Nf3 Nc6 3. Bb5 a6 4. Ba4 Nf6 5. 0-0 b5 6. Bb3 Be7 7. Re1 d6 8. h3 0-0 9. c3 Na5 10. Bc2 h6 11. d4 exd4 12. cxd4 Nh7 13. Nc3 c6 14. Ne2 Nc4 15. a4 Bb7 16. Ng3 Ng5 17. Nf5 Nxf3+ 18. Qxf3 Bg5 19. Bxg5 hxg5 20. b3 Nb6 21. a5 g6 22. axb6 gxf5 23. Qxf5 Bc8 24. Qf3 Kg7 25. e5 d5 26. Re3 Be6 27. b7 Rb8 28. Rxa6 Rxb7 29. Rxc6 Ra7 30. Rd6 Qe7 31. Bf5 Ra1+ 32. Kh2 Ra2 33. Qg4 Rxf2 34. Bxe6 fxe6 35. Rxe6 Qf7 36. Qxg5+ 1-0

[Event "Kouty nad Desnou op-B"]
[Site "Kouty nad Desnou"]
[Date "2010.03.12"]
[Round "8"]
[White "Kocandova, Martina"]
[Black "Mejzlik, Jiri"]
[Result "1-0"]
[WhiteElo "1761"]
[BlackElo "1503"]
[PlyCount "55"]
[EventDate "2010.03.06"]
[EventType "swiss"]
[EventRounds "9"]
[EventCountry "CZE"]
[SourceTitle "EXT 2012"]
[Source "ChessBase"]
[SourceDate "2011.11.24"]
[SourceVersion "1"]
[SourceVersionDate "2011.11.24"]
[SourceQuality "1"]

1. e4 d6 2. d4 Nf6 3. Nc3 g6 4. Nf3 Bg7 5. h3 a6 6. Be3 Nbd7 7. e5 Ng8 8. Bf4 b5 9. a3 Bb7 10. e6 fxe6 11. Ng5 Nf8 12. Nxb5 axb5 13. Bxb5+ c6 14. Qf3 Qa5+ 15. Bd2 Qxb5 16. Qf7+ Kd7 17. Qxg7 Nf6 18. Qxh8 Qxb2 19. 0-0 Qxd4 20. Be3 Qc3 21. Rab1 Ba6 22. Rb6 Qc4 23. Rfb1 Kc7 24. Rb8 Rxb8 25. Rxb8 Kxb8 26. Qxf8+ Bc8 27. Qxe7 Bd7 28. Qxf6 1-0

[Event "Sec Almed op"]
[Site "Sec u Chrudimi"]
[Date "2008.11.01"]
[Round "9"]
[White "Starychfojtu, Josef"]
[Black "Kocandova, Martina"]
[Result "0-1"]
[WhiteElo "1529"]
[BlackElo "1652"]
[PlyCount "74"]
[EventDate "2008.10.25"]
[EventType "swiss"]
[EventRounds "9"]
[EventCountry "CZE"]
[SourceTitle "EXT 2022"]
[Source "ChessBase"]
[SourceDate "2021.10.06"]
[SourceVersion "1"]
[SourceVersionDate "2021.10.06"]
[SourceQuality "1"]

1. e4 e5 2. f4 d5 3. Nf3 Nc6 4. exd5 Qxd5 5. Nc3 Qa5 6. Bc4 exf4 7. Qe2+ Be7 8. 0-0 Qc5+ 9. Kh1 Bg4 10. Ne4 Qf5 11. Bb5 Qg6 12. d4 0-0-0 13. c3 h5 14. Bxf4 Bf5 15. Ng3 Bg4 16. Qe3 h4 17. Ne2 h3 18. g3 Nh6 19. Rad1 Rhe8 20. Qf2 Bd6 21. d5 a6 22. Bd3 Bf5 23. Bxf5+ Nxf5 24. dxc6 Bxf4 25. cxb7+ Kxb7 26. Nxf4 Qc6 27. Kg1 Rc8 28. Nd4 Qf6 29. Qf3+ c6 30. Nh5 Nxd4 31. Qxf6 Ne2+ 32. Kf2 gxf6 33. Rfe1 Re5 34. Nxf6 Rf5+ 35. Kxe2 Rxf6 36. Rd7+ Kb6 37. Rf1 Re8+ 0-1

[Event "Sec Almed op"]
[Site "Sec u Chrudimi"]
[Date "2008.10.28"]
[Round "5"]
[White "Buk, Pavel"]
[Black "Kocandova, Martina"]
[Result "1/2-1/2"]
[WhiteElo "1668"]
[BlackElo "1652"]
[PlyCount "105"]
[EventDate "2008.10.25"]
[EventType "swiss"]
[EventRounds "9"]
[EventCountry "CZE"]
[SourceTitle "EXT 2022"]
[Source "ChessBase"]
[SourceDate "2021.10.06"]
[SourceVersion "1"]
[SourceVersionDate "2021.10.06"]
[SourceQuality "1"]

1. f4 e5 2. fxe5 d5 3. exd6 Bxd6 4. Nf3 g5 5. d4 g4 6. Ne5 Bxe5 7. dxe5 Qxd1+ 8. Kxd1 Nc6 9. Bf4 Be6 10. Nc3 0-0-0+ 11. Ke1 Nge7 12. e4 Ng6 13. Bg5 Nce7 14. Bf6 Rhg8 15. Ke2 a6 16. Ke3 Rde8 17. Na4 Nc6 18. Nc5 Ncxe5 19. Be2 h5 20. Rhf1 Nd7 21. Nxd7 Bxd7 22. Bc4 Be6 23. Bd3 Nf8 24. b3 Nd7 25. Rf2 g3 26. hxg3 Rxg3+ 27. Kd2 Reg8 28. Rg1 Nxf6 29. Rxf6 Rxg2+ 30. Rxg2 Rxg2+ 31. Ke3 Rg6 32. Rf4 Rg3+ 33. Rf3 Rxf3+ 34. Kxf3 Kd7 35. Kf4 h4 36. Bf1 f6 37. e5 fxe5+ 38. Kxe5 h3 39. Kf4 Kd6 40. Kg3 Kc5 41. c3 b5 42. Bxh3 Bxh3 43. Kxh3 b4 44. c4 a5 45. Kg4 Kd4 46. Kf5 Kc3 47. c5 Kd4 48. c6 Kd5 49. Kf4 Kxc6 50. Ke4 Kb5 51. Kd4 a4 52. bxa4+ Kxa4 53. Kc5 1/2-1/2

[Event "Sec Almed op"]
[Site "Sec u Chrudimi"]
[Date "2008.10.28"]
[Round "4"]
[White "Kocandova, Martina"]
[Black "Dostal, Karel"]
[Result "1-0"]
[WhiteElo "1652"]
[BlackElo "1552"]
[PlyCount "59"]
[EventDate "2008.10.25"]
[EventType "swiss"]
[EventRounds "9"]
[EventCountry "CZE"]
[SourceTitle "EXT 2022"]
[Source "ChessBase"]
[SourceDate "2021.10.06"]
[SourceVersion "1"]
[SourceVersionDate "2021.10.06"]
[SourceQuality "1"]

1. e4 e5 2. Nf3 Nc6 3. Bc4 Bc5 4. c3 Nf6 5. d4 exd4 6. e5 Qe7 7. 0-0 Ng4 8. cxd4 Bb4 9. Nc3 Bxc3 10. bxc3 0-0 11. Ng5 d6 12. Qd3 g6 13. Qh3 h5 14. Qf3 dxe5 15. Ne4 Be6 16. Bg5 f6 17. Bxe6+ Qxe6 18. Bd2 exd4 19. cxd4 Nxd4 20. Qd3 Qe5 21. f4 Qd5 22. Bc3 c5 23. Rad1 Rad8 24. Rd2 Kg7 25. Re1 Rf7 26. Nxc5 Kh7 27. Qxd4 Qxd4+ 28. Rxd4 Rc8 29. Ne4 f5 30. Ng5+ 1-0